Statistics for Countries by Borders - Hard Version

Click here to take the quiz!

General Stats

  • This quiz has been taken 321 times
  • The average score is 119 of 157

Answer Stats

Country % Correct
Russia
99%
United States
99%
France
99%
Kazakhstan
98%
Mexico
98%
Canada
98%
China
98%
Mongolia
98%
North Korea
97%
Poland
97%
Switzerland
96%
Germany
96%
Brazil
96%
Belarus
95%
Bolivia
95%
Ukraine
95%
Colombia
95%
Argentina
95%
Peru
94%
Pakistan
94%
Paraguay
93%
Norway
93%
Finland
93%
Suriname
93%
Myanmar
93%
India
93%
Austria
93%
Azerbaijan
93%
Libya
92%
Netherlands
92%
Belgium
92%
Uruguay
92%
Nepal
92%
Bhutan
92%
Spain
92%
Lithuania
92%
Sudan
92%
Venezuela
91%
Luxembourg
91%
Afghanistan
91%
Niger
90%
Guyana
89%
Czech Republic
89%
Turkey
89%
Chad
89%
Central African
Republic
89%
Italy
89%
Algeria
89%
D. R. Congo
88%
South Sudan
88%
Rep. of the Congo
88%
Zambia
88%
Tanzania
88%
Georgia
87%
Mali
87%
Laos
86%
Latvia
86%
Angola
86%
Uganda
86%
Estonia
85%
Iraq
84%
Egypt
84%
Kyrgyzstan
84%
Cameroon
84%
Tajikistan
83%
Morocco
83%
Mozambique
83%
Guatemala
83%
Namibia
83%
South Africa
82%
Mauritania
82%
Vietnam
82%
Rwanda
82%
Zimbabwe
82%
Burundi
82%
Costa Rica
82%
Burkina Faso
82%
Iran
81%
Panama
81%
Hungary
81%
Bulgaria
81%
Nigeria
81%
Botswana
81%
United Kingdom
81%
Romania
79%
Swaziland
78%
Denmark
78%
Armenia
77%
Slovenia
77%
Andorra
77%
Lesotho
76%
Ethiopia
76%
Honduras
76%
Turkmenistan
75%
Gabon
75%
Saudi Arabia
75%
Jordan
74%
Nicaragua
74%
Slovakia
74%
Serbia
74%
Greece
72%
Belize
72%
Macedonia
72%
Kuwait
71%
Malaysia
71%
Kenya
69%
Oman
69%
Benin
69%
United Arab Emirates
68%
Yemen
67%
Indonesia
67%
Somalia
66%
El Salvador
66%
Ireland
66%
Qatar
66%
Israel
65%
Croatia
65%
Chile
63%
Papua New Guinea
63%
Ivory Coast
63%
Senegal
62%
Ecuador
62%
Guinea
61%
East Timor
61%
Bangladesh
60%
Syria
60%
San Marino
59%
Montenegro
59%
Vatican City
59%
Portugal
59%
Monaco
58%
Sri Lanka
58%
Eritrea
57%
Bosnia and
Herzegovina
56%
Togo
56%
Albania
56%
Ghana
55%
Sweden
55%
Thailand
55%
Kosovo
54%
Moldova
54%
Djibouti
53%
Tunisia
50%
Cambodia
48%
Uzbekistan
43%
Haiti
40%
Dominican Republic
40%
Guinea-Bissau
37%
Malawi
36%
South Korea
35%
Liechtenstein
34%
Liberia
33%
Gambia
32%
Equatorial Guinea
32%
Sierra Leone
29%
Brunei
27%
Lebanon
27%

Score Distribution

Percentile by Number Answered

Percent of People with Each Score

Your Score History

You have not taken this quiz